000 00257nam a2200121Ia 4500
100 _aVaradarajan/ D.S.
942 _cBK
654 _aIndustrial
245 _aIndustrial Automation
260 _bNirali prakashan
_c1999
546 _aENGLISH
999 _c28032
_d28032